Capital Market and SEBI Regulations (Record no. 4818)

MARC details
000 -LEADER
fixed length control field 00320nam a2200133Ia 4500
008 - FIXED-LENGTH DATA ELEMENTS--GENERAL INFORMATION
fixed length control field 191201s2009 xx 000 0 und d
100 ## - MAIN ENTRY--PERSONAL NAME
Personal name RANJANSAHA,Tapash
245 #0 - TITLE STATEMENT
Title Capital Market and SEBI Regulations
250 ## - EDITION STATEMENT
Edition statement 1st
260 ## - PUBLICATION, DISTRIBUTION, ETC. (IMPRINT)
Place of publication, distribution, etc N. Delhi
Name of publisher, distributor, etc Excel Books
Date of publication, distribution, etc 2009
300 ## - PHYSICAL DESCRIPTION
Extent 171
650 ## - SUBJECT ADDED ENTRY--TOPICAL TERM
Topical term or geographic name as entry element MBA
942 ## - ADDED ENTRY ELEMENTS (KOHA)
Source of classification or shelving scheme Dewey Decimal Classification
Koha item type Text Books
Holdings
Withdrawn status Lost status Source of classification or shelving scheme Damaged status Not for loan Collection code Home library Current library Date acquired Source of acquisition Cost, normal purchase price Bill Number Total Checkouts Full call number Acc. no. / Barcode Date last seen Date last borrowed Bill Date Koha item type
    Dewey Decimal Classification     MBA PIET C-LIBRARY PIET C-LIBRARY 25/02/2011 J B C, New Delhi 195.00 IS2009 Rs. 130.65 1 332.041 SAC 17360 27/10/2023 14/10/2023 15/02/2011 Text Books
    Dewey Decimal Classification     MBA PIET C-LIBRARY PIET C-LIBRARY 25/02/2011 J B C, New Delhi 195.00 IS2009 Rs. 130.65 1 332.041 SAC 17361 25/01/2024 11/01/2024 15/02/2011 Text Books

Design & Developed by: PIET Central Library
R70 Miles Stone Pattikalyana Samalkha Panipat 132102
mail ID :- [email protected], Phone No:- 0180-2569700 Ex.216